000 00314nam a2200133Ia 4500
100 _aSawhney/A.K.
650 _aELECTRONICS
942 _cBK
245 _aELECTRICAL &ELECTRONICS MEASUREMENT & INSTRUMENTS
260 _bDhanpat Rai
_aNew Delhi.
082 _a621.381043/SAW
300 _a1542
546 _aENGLISH
999 _c24762
_d24762